LEADER 01665nam a2200289 4500 001 000000355164 003 CaOOAMICUS 005 20240806140117.0 008 230829s1609 ne 000 u lat r 026 $eisa- eri. **** mubu (3) 1609 (R)$a** = caratteri greci 040 $aSeMil$bita 100 11$aTuning, Gerard,$d<1566-1610>.$0(OLS)http://semarc/name/118152 245 10$aApophthegmata Graeca, Latina, Italica, Gallica, Hispanica; collecta à Gerardo Tuningio Leidensi, I. C. 264 1$a[Leida] :$bEx Officina Plantiniana Raphelengii,$c1609. 300 $a[20] c., 104, 100, 136, 96 p. ;$c8° 500 $aSegn.: *? ?² ²*² §² ?² ³*? A-F?, a-f?g? 2A-2F? 2G² 2a-2h? 2i? 2A-2G? 2H² a-f? 500 $aMarca editoriale: Un compasso aperto in cornice costituita da fronde di palma e di ulivo e da un cartiglio con motto (Labore et constantia). Sul front. 500 $aCors. ; rom. ; gr. 700 1 $aRaphelengius, Franciscus$b<2.,$cEditore>.$0(OLS)http://semarc/name/118155 710 2 $aOfficina Plantiniana$b.$0(OLS)http://semarc/name/120143 850 $aSeMil 852 $aSeMil$W1$xVenegono$y1$m1B I 8 FA$j243255$B246445$CSeMilBibl$Z2$F246445 $8I 856 42$uhttp://books.google.it/books?id=Ezz3_vkhR-gC&printsec=frontcover&hl=it&source=gbs_ge_summary_r&cad=0#v=onepage&q&f=false 941 1 $a10 996 $6245$aApophthegmata Graeca, Latina, Italica, Gallica, Hispanica; collecta à Gerardo Tuningio Leidensi, I. C.$9(OLS)http://semarc/title/445328 996 $6264$a[Leida] :$bEx Officina Plantiniana Raphelengii$9(OLS)http://semarc/publisher/61205 LEADER 01264nam a2200229 i 4500 001 000000204196 003 CaOOAMICUS 005 20170125000000.0 008 170125s1966 it u000 u ita u 013 $a182915 040 $aSeMil$bita 100 1 $aDousset, Henri.$0(OLS)http://semarc/name/93851 245 10$aVademecum di diagnostica clinica :$brichiami anatomo-fisiologici, esame clinico e indagini complementari, ricerche di laboratorio, discussione e interpretazione dei dati, richiami di nosologia analitica /$cHenri Dousset. 260 $aNapoli :$bESI,$cstampa 1966. 300 $a1509 p. :$bill. ;$c20 cm. 500 $aSul front.: Trad. italiana dalla 6. francese, interamente riv. e ampliata. 650 4$aDiagnostica.$0(OLS)http://semarc/subject/24825 850 $aSeMil 852 $aSeMil$W1$xVenegono$y1$m3X I 62$j154690$B154690$CSeMilBibl$Z2$F216958 $81 961 $aOmaggio: Grampa dott. Cesare 996 $6245$aVademecum di diagnostica clinica :$brichiami anatomo-fisiologici, esame clinico e indagini complementari, ricerche di laboratorio, discussione e interpretazione dei dati, richiami di nosologia analitica$9(OLS)http://semarc/title/409496 996 $6260$aNapoli :$bESI$9(OLS)http://semarc/publisher/57409